| 000 | 00450 a2200169 4500 | ||
|---|---|---|---|
| 001 | 142502 | ||
| 040 | _cLeonardo Da Vinci | ||
| 041 | _aPortuguês | ||
| 082 |
_a155.7 J71v _bJ71v |
||
| 100 | _aJORGE, Bachir Haidar | ||
| 245 | _aVocê é único, e não existe outro igual | ||
| 260 |
_bBachir Haidar Jorge _c1998 _aSão Paulo |
||
| 300 | _a365 | ||
| 362 | _a19980000 | ||
| 697 |
_aPsicologia _aAuto-ajuda _aPensamentos _aConsciência |
||
| 942 | _cBK | ||
| 999 |
_c142502 _d142502 |
||